<?xml version='1.0' encoding='UTF-8'?>
  <record xmlns="http://www.loc.gov/MARC21/slim">
    <leader>00000cam a2200000 i 4500</leader>
    <controlfield tag="001">ocm13129348</controlfield>
    <controlfield tag="003">OCoLC</controlfield>
    <controlfield tag="005">20240510093408.3</controlfield>
    <controlfield tag="008">830930s1795    fr bf         000 0 fre d</controlfield>
    <datafield tag="040" ind1=" " ind2=" ">
      <subfield code="a">MNU</subfield>
      <subfield code="b">eng</subfield>
      <subfield code="e">rda</subfield>
      <subfield code="c">MNU</subfield>
      <subfield code="d">OCLCG</subfield>
      <subfield code="d">OCLCA</subfield>
      <subfield code="d">YUS</subfield>
      <subfield code="d">OCLCQ</subfield>
      <subfield code="d">OCLCO</subfield>
      <subfield code="d">OCLCF</subfield>
      <subfield code="d">OCLCQ</subfield>
      <subfield code="d">QGJ</subfield>
      <subfield code="d">OCL</subfield>
      <subfield code="d">OCLCA</subfield>
      <subfield code="d">NAM</subfield>
      <subfield code="d">SNN</subfield>
      <subfield code="d">OCL</subfield>
      <subfield code="d">OCLCO</subfield>
      <subfield code="d">GZM</subfield>
      <subfield code="d">OCLCO</subfield>
      <subfield code="d">OCL</subfield>
      <subfield code="d">OCLCO</subfield>
      <subfield code="d">OCLCL</subfield>
      <subfield code="d">OCLCQ</subfield>
    </datafield>
    <datafield tag="035" ind1=" " ind2=" ">
      <subfield code="a">(OCoLC)13129348</subfield>
    </datafield>
    <datafield tag="050" ind1="1" ind2="4">
      <subfield code="a">QB65</subfield>
      <subfield code="b">.F53 1795</subfield>
    </datafield>
    <datafield tag="100" ind1="1" ind2=" ">
      <subfield code="a">Flamsteed, John,</subfield>
      <subfield code="d">1646-1719,</subfield>
      <subfield code="e">author.</subfield>
      <subfield code="1">https://id.oclc.org/worldcat/entity/E39PBJxGWwyJH8GBBD6qhXGvHC</subfield>
    </datafield>
    <datafield tag="245" ind1="1" ind2="0">
      <subfield code="a">Atlas céleste de Flamstéed, publié en 1776 /</subfield>
      <subfield code="c">par J. Fortin, Ingénieur-Mécanicien pour les Globes &amp; Sphéres.</subfield>
    </datafield>
    <datafield tag="250" ind1=" " ind2=" ">
      <subfield code="a">Troisième édition, revue, corrigée et augmentée par les citoyens Lalande &amp; Méchain.</subfield>
    </datafield>
    <datafield tag="264" ind1=" " ind2="1">
      <subfield code="a">A Paris, :</subfield>
      <subfield code="b">chez le Citoyen Lamarche, Éditeur &amp; Géographe, successeur de Robert de Vaugondy &amp; de J. Fortin, rue du Foin-St.-Jacques, au Collége de Maître Gervais,</subfield>
      <subfield code="c">MDCCXCV [1795] (ère ancienne).</subfield>
    </datafield>
    <datafield tag="264" ind1=" " ind2="3">
      <subfield code="a">[Paris] :</subfield>
      <subfield code="b">De l'Imprimerie de Belin, rue Jacques, no. 27</subfield>
    </datafield>
    <datafield tag="300" ind1=" " ind2=" ">
      <subfield code="a">ix pages, 1 unnumbered page, 47 pages, 1 unnumbered page, 30 double leaves of plates :</subfield>
      <subfield code="b">maps ;</subfield>
      <subfield code="c">23 cm</subfield>
    </datafield>
    <datafield tag="336" ind1=" " ind2=" ">
      <subfield code="a">text</subfield>
      <subfield code="b">txt</subfield>
      <subfield code="2">rdacontent</subfield>
    </datafield>
    <datafield tag="337" ind1=" " ind2=" ">
      <subfield code="a">unmediated</subfield>
      <subfield code="b">n</subfield>
      <subfield code="2">rdamedia</subfield>
    </datafield>
    <datafield tag="338" ind1=" " ind2=" ">
      <subfield code="a">volume</subfield>
      <subfield code="b">nc</subfield>
      <subfield code="2">rdacarrier</subfield>
    </datafield>
    <datafield tag="500" ind1=" " ind2=" ">
      <subfield code="a">Fortin's atlas of 1776, designated as 2d edition, was a French version, considerably reduced in size, of Flamstéed's folio edition of 1729.</subfield>
    </datafield>
    <datafield tag="500" ind1=" " ind2=" ">
      <subfield code="a">Imprint: A Paris, chez le citoyen Lamarche, éditeur &amp; géographe, successeur de Robert de Vaugondy &amp; de J. Fortin, rue du Foin-St.-Jacques, au Collège de Maître Gervais. L'an IIIe. de la République Françoise. 1795 (ère ancienne).</subfield>
    </datafield>
    <datafield tag="500" ind1=" " ind2=" ">
      <subfield code="a">Colophon: De l'imprimerie de Belin, rue Jacques, no. 27, l'an IIIe. de la République, &amp; 1795, (ère ancienne).</subfield>
    </datafield>
    <datafield tag="500" ind1=" " ind2=" ">
      <subfield code="a">Signatures: a⁵, A-F⁴</subfield>
    </datafield>
    <datafield tag="650" ind1=" " ind2="0">
      <subfield code="a">Stars</subfield>
      <subfield code="v">Atlases</subfield>
      <subfield code="v">Early works to 1800.</subfield>
    </datafield>
    <datafield tag="650" ind1=" " ind2="0">
      <subfield code="a">Astronomy</subfield>
      <subfield code="v">Early works to 1800.</subfield>
    </datafield>
    <datafield tag="650" ind1=" " ind2="6">
      <subfield code="a">Astronomie</subfield>
      <subfield code="v">Atlas</subfield>
      <subfield code="v">Ouvrages avant 1800.</subfield>
    </datafield>
    <datafield tag="650" ind1=" " ind2="6">
      <subfield code="a">Astronomie</subfield>
      <subfield code="v">Ouvrages avant 1800.</subfield>
    </datafield>
    <datafield tag="650" ind1=" " ind2="7">
      <subfield code="a">Astronomy</subfield>
      <subfield code="2">fast</subfield>
    </datafield>
    <datafield tag="650" ind1=" " ind2="7">
      <subfield code="a">Stars</subfield>
      <subfield code="2">fast</subfield>
    </datafield>
    <datafield tag="655" ind1=" " ind2="7">
      <subfield code="a">Early works</subfield>
      <subfield code="2">fast</subfield>
    </datafield>
    <datafield tag="655" ind1=" " ind2="7">
      <subfield code="a">Scientific atlases</subfield>
      <subfield code="2">fast</subfield>
    </datafield>
    <datafield tag="655" ind1=" " ind2="7">
      <subfield code="a">Booksellers' labels (Provenance)</subfield>
      <subfield code="z">France</subfield>
      <subfield code="z">Paris (France)</subfield>
      <subfield code="2">rbprov</subfield>
      <subfield code="5">NAlU</subfield>
    </datafield>
    <datafield tag="700" ind1="1" ind2=" ">
      <subfield code="a">Fortin, J.</subfield>
      <subfield code="q">(Jean),</subfield>
      <subfield code="d">1740-1817,</subfield>
      <subfield code="e">editor.</subfield>
      <subfield code="1">https://id.oclc.org/worldcat/entity/E39PBJpJcv48v7VXWFfvChxxDq</subfield>
    </datafield>
    <datafield tag="700" ind1="1" ind2=" ">
      <subfield code="a">Méchain, Pierre,</subfield>
      <subfield code="d">1744-1804,</subfield>
      <subfield code="e">editor,</subfield>
      <subfield code="e">contributor.</subfield>
      <subfield code="1">https://id.oclc.org/worldcat/entity/E39PBJp9trCXJwQ3tgck9hWqwC</subfield>
    </datafield>
    <datafield tag="700" ind1="1" ind2=" ">
      <subfield code="a">Lalande, Joseph Jérôme Le Français de,</subfield>
      <subfield code="d">1732-1807,</subfield>
      <subfield code="e">editor,</subfield>
      <subfield code="e">contributor.</subfield>
      <subfield code="1">https://id.oclc.org/worldcat/entity/E39PBJwdgCCT47jGT4Yr8HBwYP</subfield>
    </datafield>
    <datafield tag="700" ind1="1" ind2=" ">
      <subfield code="a">Delamarche, Charles François,</subfield>
      <subfield code="d">1740-1817,</subfield>
      <subfield code="e">publisher,</subfield>
      <subfield code="e">bookseller.</subfield>
      <subfield code="1">https://id.oclc.org/worldcat/entity/E39PBJvH9dYMJKxbHvPRtXDXh3</subfield>
    </datafield>
    <datafield tag="700" ind1="1" ind2=" ">
      <subfield code="a">Belin, François,</subfield>
      <subfield code="d">1748-1808,</subfield>
      <subfield code="e">printer.</subfield>
      <subfield code="1">https://id.oclc.org/worldcat/entity/E39PBJy4fJ8tYYbwKjtdG6rwmd</subfield>
    </datafield>
    <datafield tag="936" ind1=" " ind2=" ">
      <subfield code="a">BATCHLOAD</subfield>
    </datafield>
  </record>